सिस्टीमँटिक रिव्हेंज (Record no. 996426)

MARC details
000 -LEADER
fixed length control field 00405nam a2200133Ia 4500
008 - FIXED-LENGTH DATA ELEMENTS--GENERAL INFORMATION
fixed length control field 151001s9999||||xx |||||||||||||| ||und||
100 ## - MAIN ENTRY--PERSONAL NAME
Personal name संजय बोरुडे
245 ## - TITLE STATEMENT
Title सिस्टीमँटिक रिव्हेंज
250 ## - EDITION STATEMENT
Edition statement 1
260 ## - PUBLICATION, DISTRIBUTION, ETC. (IMPRINT)
Name of publisher, distributor, etc "प्राजक्त प्रकाशन, पुणे "
260 ## - PUBLICATION, DISTRIBUTION, ETC. (IMPRINT)
Date of publication, distribution, etc 2006
300 ## - PHYSICAL DESCRIPTION
Extent 128
365 ## - TRADE PRICE
Price amount 21

No items available.